| 000 | 01776nam0a2200421 4500 | ||
|---|---|---|---|
| 001 | RU\NLR\BIBL_A\022194326 | ||
| 005 | 20250803041638.0 | ||
| 010 | _a5-529-01011-3 | ||
| 035 | _a(NLR Aleph) 022194326 | ||
| 090 |
_a13321350 _c13321350 |
||
| 100 | _a20240411d1990 |||y0rusy50 ca | ||
| 101 | 1 |
_arus _ageo _aeng |
|
| 102 | _aGE | ||
| 105 | _aacb z 000zy | ||
| 181 | 0 |
_ab3 _bxb2e |
|
| 181 | 0 |
_ai2 _baxxe |
|
| 182 | 0 | _an | |
| 200 | 1 |
_aКутаиси _dKutaisi _e[альбом] _fТамаз Герсамия _zeng |
|
| 203 |
_aИзображение _aТекст _bвизуальные _cнепосредственные |
||
| 210 |
_aТбилиси _cСабчота Сакартвело _d1990 |
||
| 215 |
_a[223] с. _cил., цв. ил., портр., карты _d32 |
||
| 300 | _aДанные тит. л. также на груз. яз. | ||
| 300 | _aАвт. также на англ. яз.: Tamaz Gersamia | ||
| 300 | _aНа обл. авт. не указан | ||
| 300 | _aТекст парал. груз., рус., англ. | ||
| 320 | _aБиблиогр. в конце кн. | ||
| 510 | 1 |
_6z37790 _aKutaisi _zeng |
|
| 606 | 1 |
_aИскусство грузинское _jАльбомы _yКутаиси, город (Грузия) _92586735 _3RU\NLR\AUTH\6601739022 |
|
| 607 |
_aКутаиси, город (Грузия) _jАльбомы _xИстория _9900769 _3RU\NLR\AUTH\66327447 |
||
| 686 | 1 | _aЩ03(2Г)92Кутаиси я61, Т3(5Г-2Ку)я6 | |
| 700 | 1 |
_aГерсамия _bТ. Г. _gТамаз Георгиевич |
|
| 790 | 1 |
_6z37510 _aGersamija _bT. G. _gTamaz Georgievič |
|
| 852 |
_aNLR _bОНЛ _jГруз./5-864 |
||
| 942 | _cBOOK | ||
| 980 | _aNB | ||